Player manager : (Record no. 2499)

MARC details
000 -LEADER
fixed length control field 01021nac a22002531u 4500
010 ## - LIBRARY OF CONGRESS CONTROL NUMBER
LC control number 2002042991
020 ## - INTERNATIONAL STANDARD BOOK NUMBER
International Standard Book Number 1587991659 (alk. paper)
082 00 - DEWEY DECIMAL CLASSIFICATION NUMBER
Classification number 658.4
Item number Au41
090 ## - LOCALLY ASSIGNED LC-TYPE CALL NUMBER (OCLC); LOCAL CALL NUMBER (OCLC)
-- 2499
-- 2499
100 ## - MAIN ENTRY--PERSONAL NAME
Personal name Augar, Philip.
245 10 - TITLE STATEMENT
Title Player manager :
Remainder of title the rise of professionals who manage while they work /
Statement of responsibility, etc Philip Augar and Joy Palmer.
260 ## - PUBLICATION, DISTRIBUTION, ETC. (IMPRINT)
Place of publication, distribution, etc New York :
Name of publisher, distributor, etc Thompson/Texere,
Date of publication, distribution, etc 2003.
300 ## - PHYSICAL DESCRIPTION
Extent xv, 236 p. ;
Dimensions 25 cm.
500 ## - GENERAL NOTE
General note First published as: The rise of the player manager. London : Penguin, 2002.
500 ## - GENERAL NOTE
General note Shuaa.
504 ## - BIBLIOGRAPHY, ETC. NOTE
Bibliography, etc Includes bibliographical references (p. 223-227) and index.
650 #0 - SUBJECT ADDED ENTRY--TOPICAL TERM
Topical term or geographic name as entry element Professional employees.
650 #0 - SUBJECT ADDED ENTRY--TOPICAL TERM
Topical term or geographic name as entry element Executives.
650 #0 - SUBJECT ADDED ENTRY--TOPICAL TERM
Topical term or geographic name as entry element Cross-functional teams.
700 1# - ADDED ENTRY--PERSONAL NAME
Personal name Palmer, Joy,
Dates associated with a name 1957-
856 41 - ELECTRONIC LOCATION AND ACCESS
Materials specified Table of contents
Uniform Resource Identifier <a href="http://www.loc.gov/catdir/toc/fy042/2002042991.html">http://www.loc.gov/catdir/toc/fy042/2002042991.html</a>
942 ## - ADDED ENTRY ELEMENTS (KOHA)
Item type Book - Borrowing
Call number prefix 658.4Au41
Holdings
Withdrawn status Item status Damaged status Not for loan Home library Current library Shelving location Date acquired Source of acquisition Total Checkouts Full call number Barcode Date last seen Koha item type
        Central Library Central Library First floor 21/02/2007 Purchase   658.4 AUG 000001648 15/07/2025 Book - Borrowing